Entry Personal Name
Number of records used in: 2
001 - CONTROL NUMBER
003 - CONTROL NUMBER IDENTIFIER
005 - DATE AND TIME OF LATEST TRANSACTION
- control field:
20220103120718.0
008 - FIXED-LENGTH DATA ELEMENTS
- fixed length control field:
000920n| azannaabn |n aaa c
010 ## - LIBRARY OF CONGRESS CONTROL NUMBER
- LC control number:
no 00076674
035 ## - SYSTEM CONTROL NUMBER
- System control number:
(OCoLC)oca05315599
040 ## - CATALOGING SOURCE
- Original cataloging agency:
NBuU
- Language of cataloging:
eng
- Transcribing agency:
NBuU
- Modifying agency:
DLC
- Description conventions:
rda
- Modifying agency:
DNLM
100 1# - HEADING--PERSONAL NAME
- Personal name:
Siegel, Jay A.
670 ## - SOURCE DATA FOUND
- Source citation:
Encyclopedia of forensic sciences, c2000:
- Information found:
t.p. (Jay A. Siegel) editorial board p. (School of Criminal Justice, Michigan State University)
670 ## - SOURCE DATA FOUND
- Source citation:
Fundamentals of forensic science, 2006:
- Information found:
eCIP t.p. (Jay Siegel; dir. of Forensic and Investigative Sciences Program, Indiana Univ. Purdue Univ., Indianapolis)